Statistics for Lunar Chronicles - Who Said It

Click here to take the quiz!

General Stats

  • This quiz has been taken 537 times
    (505 since last reset)
  • The average score is 13 of 30

Answer Stats

QuoteWho Said It% Correct
“I hate when my wiring is showing.”Iko
95%
“Just to be clear, you’re not using your mind powers on me right now, are you?”Prince Kaito
95%
"Oh, and we ran into your captain of the guard in the hallway, and a few other guards, and I may have scared him and he's, um, unconscious. Also. But, really, they'll all be fine. I swear."Linh Cinder
91%
"Do you think it was destiny that brought us together?"Cress Darnel
90%
“Careful is my middle name. Right after Suave and Daring.”Carswell Thorne
73%
“What did you bring me today? Delusional mutterings with a side of crazy?”Scarlet Benoit
65%
"What would Cinder do? How would she fix it?"Prince Kaito
57%
“I think I realized that I would rather die because I betrayed them, than live because I betrayed you.”Wolf (Ze'ev Kesley)
56%
"I will not be announced by an android!"Queen Levana
55%
“And what about young men who she’s been best friends with since she was barely old enough to walk?”Winter Blackburn
54%
"You're killing me *****. When have you ever seen me do anything that would be considered heroic?"Carswell Thorne
53%
"I know my own kind when I see them, and right now there is one in these city walls."Queen Levana
52%
"Er... I'm sorry.I'm not really doing the picture thing these days."Lihn Cinder
49%
"We discussed my poor sister - my real sister - who recently fell ill and passed away from the same disease that claimed your illustrious father."Lihn Pearl
46%
“Do your kind even know what love is? Can you feel anything at all, or is it just... programmed?”Linh Adri
46%
“Of course I understand sarcasm, it’s not like it’s theoretical physics, is it?”Iko
41%
“Your ship has some messed-up priorities, you know that?”Jacin Clay
41%
“This isn’t about an alliance at all, is it?”Konn Torin
37%
"Oh please. We don't have time for this. You have always been dangerous."Scarlet Benoit
33%
"No, darling, you must find her.She'll be a teenager now... a cyborg."Michelle Benoit
31%
“Vanity is a factor, but it is more a question of control. It is easier to trick others into perceiving you as beautiful if you can convince yourself you are beautiful. But mirrors have an uncanny way of telling the truth.”Dmitri Erland
29%
"Please excuse the interruption. Her Majesty, Lunar Queen Levana, has requested immediate appoint-"Nainsi
24%
"Which finger do you value the least?"Sybil Mira
24%
"She'll be hurt and she'll die and they're all going to die."Winter Blackburn
24%
“I know who it is, idiot. Just like I know she’s supposed to be dead.”Jerrico
15%
"Ensuring that this wedding goes smoothly is my job description."Tashmi Priya
13%
“You’re my prize, Princess. So what reward do you think I’ll get for bringing your dead body to the queen? I don’t think she’ll care what state it’s in, and as an added bonus, I can prove that your boyfriend is a traitor after all.”Jerrico
12%
"It appears he's contracted an unusual strain of letumosis, one that seems to be much faster acting than the common strain. And, of course, he is Lunar."Aimery Park
11%
"What an unusual name. Did your parents give it to you?"Ran Kesley
11%
“And you are going to get her far away from here. Keep her hidden.”Kinney
6%

Score Distribution

Percentile by Number Answered

Percent of People with Each Score

Your Score History

You have not taken this quiz since the last reset